000
00306nam a2200133Ia 4500
008
191201s2019 xx 000 0 und d
082
_a
677
_b
VAT
100
_a
VASTRA
245
0
_a
Textile Arts of India
260
_a
N.Delhi
_b
Honesty Publisher
300
_a
200
650
_a
B.Tech(TE)
942
_2
ddc
_c
BK
999
_c
2295
_d
2295